| 000 | 00585nam a2200241 a 4500 | ||
|---|---|---|---|
| 001 | nice12345678 | ||
| 003 | IN_TiNIC | ||
| 005 | 20260116013344.0 | ||
| 008 | 080221s1999 dela grp 000 0 eng | ||
| 020 |
_a _c125 |
||
| 082 | 0 | 0 |
_a297.7 _bCHA |
| 100 | _aChawdhri, A Ghafur | ||
| 245 | _aSome Aspects of Islamic Education | ||
| 260 |
_aDelhi _bAdam Publishers _c1999 |
||
| 300 | _a180p | ||
| 500 | _aincludes index and biblioraphy | ||
| 505 | 2 | _aIndex | |
| 650 | _aIslamic-Education | ||
| 700 | 1 | _aChawdhri, A Ghafur | |
| 902 | _bSRS | ||
| 942 | _cBK | ||
| 999 |
_c10679 _d10679 |
||